000 00745nam a2200289Ia 4500
005 20260324124116.0
008 008 260324s9999 xx 000 0 eng d
020 _a9780203180846
037 _aEBOOK
040 _aCRL
040 _beng
040 _cCRL
041 _2eng
041 _aeng
084 _qCRL
100 _aHubert Heinelt; Xavier Bertrana
_91172872
245 4 _aThe Second Tier of Local Government in Europe
245 0 _bProvinces, Counties, Départements and Landkreise in Comparison
260 _bTaylor and Francis
260 _c2011
365 _a
365 _b255
856 _uhttp://www.taylorfrancis.com/books/9780203180846
942 _cEBOOK
999 _c1766996
_d1766996